Neolithic Ashkelon /
Saved in:
| Main Author: | |
|---|---|
| Other Authors: | , |
| Format: | Book |
| Language: | English |
| Published: |
Jerusalem :
Institute of Archaeology, The Hebrew University of Jerusalem,
2008.
|
| Series: | Qedem ;
47. Publications of the Institute of Archaeology, the Hebrew University of Jerusalem. |
| Subjects: | |
| Tags: |
Add Tag
No Tags, Be the first to tag this record!
|
| LEADER | 03104cam a2200397 a 4500 | ||
|---|---|---|---|
| 001 | 011461680-9 | ||
| 005 | 20080908093943.0 | ||
| 008 | 080429s2008 is ab b 000 0 eng d | ||
| 035 | 0 | |a ocn226371776 | |
| 040 | |a CLE |c CLE |d TOZ | ||
| 043 | |a a-is--- | ||
| 050 | 0 | 0 | |a GN776.32.I75 |b G37 2008 |
| 090 | |a GN776.32.I75 |b G37 2008 | ||
| 100 | 1 | |a Garfinkel, Yosef. | |
| 245 | 1 | 0 | |a Neolithic Ashkelon / |c Yosef Garfinkel and Doron Dag ; with [further] contributions by Daniella E. Bar-Yosef Mayer ... [et al.]. |
| 260 | |a Jerusalem : |b Institute of Archaeology, The Hebrew University of Jerusalem, |c 2008. | ||
| 300 | |a xviii, 332 p. : |b ill. (some col.), maps ; |c 28 x 22 cm. | ||
| 490 | 1 | |a Qedem, |x 0333-5844 ; |v 47 | |
| 490 | 1 | |a Publications of the Institute of Archaeology, the Hebrew University of Jerusalem | |
| 504 | |a Includes bibliographical references (p. 317-329). | ||
| 505 | 0 | |a Introduction / Yosef Garfinkel -- The chronology of the eight millennium BP / Yosef Garfinkel -- The geological and geomorphological setting of the Ashkelon Neolithic site / Eldad Barzilay -- Expedition organization and excavation methods / Yosef Garfinkel and Angela Davidzon -- The stratigraphy / Yosef Garfinkel, Doron Dag, and Anna Eirikh-Rose -- The Neolithic occupation / Yosef Garfinkel and Doron Dag -- The flint knapping technology / Doron Dag -- The flint tools / Doron Dag -- Comparative analysis of the flint industry / Doron Dag -- Ground stone tools, chipped stone, white ware, a clay installation, and various minerals / Doron Dag and Yosef Garfinkel -- The obsidian / Yosef Garfinkel -- Bone Tools / Paula Wapnish -- Spatial analysis / Doron Dag -- Anthropological and taphonomic analyses of skeletal remains / Marina Faerman and Patricia Smith -- The mammal bones / Brian Hesse and Dolores Rookis -- The Testudines Remains / Gideon Hartman -- The fish bones / Omri Lernau -- Mollusc shells and barnacles / Daniella E. Bar-Yosef Mayer -- Obsidian and pumice findings and their provenance / Jörg Keller, Ernst Pernicka and Kirstin Kasper -- The rise of pastoralism in the southern coastal plain of the Levant / Yosef Garfinkel and Doron Dag. | |
| 650 | 0 | |a Tools, Prehistoric |z Israel |z Ashḳelon. | |
| 650 | 0 | |a Stone implements |z Israel |z Ashḳelon. | |
| 650 | 0 | |a Bone implements, Prehistoric |z Israel |z Ashḳelon. | |
| 650 | 0 | |a Archaeology |z Israel |z Ashḳelon. | |
| 650 | 0 | |a Excavations (Archaeology) |z Israel |z Ashḳelon. | |
| 650 | 0 | |a Neolithic period |z Israel |z Ashḳelon. | |
| 651 | 0 | |a Ashḳelon (Israel) |x Antiquities. | |
| 700 | 1 | |a Mayer, Daniella Bar-Yosef. | |
| 700 | 1 | |a Dag, Doron. | |
| 776 | 0 | 8 | |i Online version: |a Garfinkel, Yosef. |t Neolithic Ashkelon. |d Jerusalem : Institute of Archaeology, The Hebrew University of Jerusalem, 2008 |w (OCoLC)605640025 |
| 776 | 0 | 8 | |i Online version: |a Garfinkel, Yosef. |t Neolithic Ashkelon. |d Jerusalem : Institute of Archaeology, The Hebrew University of Jerusalem, 2008 |w (OCoLC)608160104 |
| 830 | 0 | |a Qedem ; |v 47. |x 0333-5844 | |
| 830 | 0 | |a Publications of the Institute of Archaeology, the Hebrew University of Jerusalem. | |
| 988 | |a 20080509 | ||
| 906 | |0 OCLC | ||


